00776nam a22002177a 450000500170000001000150001702000230003203500130005503700130006808200080008110000260008924500760011526000380019127000650022930000210029450000400031565000310035594200220038699900170040895201330042520100821125728.0 aENG-101173 a8188573604c425.00 aEN-84706 bDBAD/PUB a720 aMahajan, T. T.916741 aState kingship and architecture in pre-Mughal India /cby T. T. Mahajan aKanpurbChandralok Prakasanc2010 a132, Shivram Kripa' Mayur Park, Basant ViharbKanpure208021 a164p.c22cm (Hb) aIncludes bibliographical references aArchitecturezIndia916742 2ddccENh720mMAH c42877d42877 001040718NFICaDBADbDBADd2010-08-21eDBAD/PUBg425.00l0o720 MAHpEN-84706r2010-08-21 00:00:00t1v425.00w2010-08-21yEN